000 00487nam a2200169 4500
003 SEACOMMC
005 20250426124342.0
008 241209b |||||||| |||| 00| 0 eng d
020 _cRs.200.00
040 _aSEACOMMC
082 _a647.94023
_bR 343
100 _a Rego, Gladvin
245 1 _aCareers in Hospitality Hotel Management exam guide Hotel management
_c Gladvin Rego
260 _a Kolkata
_b Shroff Publishers
_c 2004
650 _aHuman Resourse Management
942 _cBOOK
999 _c846
_d846